Online Catalogue and eLibrary

Kalvettil vaalviyal (Record no. 1467)

MARC details
000 -LEADER
fixed length control field 00348nam a2200145Ia 4500
005 - DATE AND TIME OF LATEST TRANSACTION
control field 20250522034019.0
008 - FIXED-LENGTH DATA ELEMENTS--GENERAL INFORMATION
fixed length control field 240331s9999 xx 000 0 und d
082 ## - DDC Classification
Item Number - Author Mark KIR
Class No. 301
100 ## - MAIN ENTRY--PERSONAL NAME
Personal name Kirutinan, A
245 #0 - TITLE STATEMENT
Title Kalvettil vaalviyal
260 ## - PUBLICATION, DISTRIBUTION, ETC.
Place of publication, distribution, etc. Chennai
Name of publisher, distributor, etc. Manigavaasakar Pathippagam
Date of publication, distribution, etc. 1991
300 ## - PHYSICAL DESCRIPTION
Extent (e.g. Volumes, Pages etc.) 348 p .,
650 ## - SUBJECT ADDED ENTRY--TOPICAL TERM
Topical term or geographic name entry element Novel
942 ## - Koha item type (Biblio)
Koha item type Books in Stacks (Lending)
Holdings
Lost status Damaged status Collection code Home library Current library Shelving location Date acquired Full call number Accession Number Item type
    Lending WERC Library WERC Library Social Science Cupboard 03/31/2024 301 KIR 1416 Books in Stacks (Lending)

© WERC Library